| 000 | 00649cam a22002171a 4500 | ||
|---|---|---|---|
| 001 | ne 64001586 | ||
| 003 | DLC | ||
| 005 | 20260227111801.0 | ||
| 008 | 890331s1962 ua b 000 0 arar | ||
| 010 | _ane 64001586 | ||
| 035 | _a(OCoLC)23504193 | ||
| 040 |
_aDLC _cMiU _dDLC |
||
| 050 | 0 | 0 |
_aCB251 _b.H36 1963 |
| 100 | 1 |
_aHaykal, Muḥammad Ḥusayn, _d1888-1956. |
|
| 245 | 1 | 3 |
_aal-Sharq al-jadīd / _cMuḥammad Ḥusayn Haykal. |
| 260 |
_aal-Qāhirah : _bMaktabat al-Nahḍah al-Miṣrīyah, _c[al-Muqaddimah 1962] |
||
| 300 | _a297, [6] p. | ||
| 504 | _aBibliography: p. [300]-[301] | ||
| 650 | 0 | _aCivilization. | |
| 650 | 0 | _aEast and West. | |
| 999 |
_c47166 _d47166 |
||